[Event "Frankfurt-chA"]
[Site "Frankfurt"]
[Date "2017.05.15"]
[Round "4"]
[White "Moldenhauer, Juergen"]
[Black "Zeyen, Helmut"]
[Result "1-0"]
[WhiteElo "1939"]
[BlackElo "1682"]
[PlyCount "84"]
[EventDate "2017.04.24"]
[EventType "swiss"]
[EventRounds "7"]
[EventCountry "GER"]
[SourceTitle "EXT 2018"]
[Source "ChessBase"]
[SourceDate "2017.10.13"]
[SourceVersion "1"]
[SourceVersionDate "2017.10.13"]
[SourceQuality "1"]

1. Nf3 Nc6 2. d4 d5 3. e3 Bg4 4. h3 Bxf3 5. Qxf3 e6 6. c3 Qf6 7. Nd2 Qxf3 8. Nxf3 Nf6 9. Bd3 Bd6 10. 0-0 Ne7 11. Nd2 c6 12. e4 dxe4 13. Nxe4 Nxe4 14. Bxe4 Nd5 15. g3 h6 16. c4 Nf6 17. Bg2 Rd8 18. Be3 0-0 19. Rad1 Rfe8 20. Rd3 e5 21. dxe5 Bxe5 22. Rfd1 Rxd3 23. Rxd3 a6 24. b3 Bc7 25. Kf1 Rd8 26. Ke2 Rxd3 27. Kxd3 Kf8 28. b4 Ke7 29. b5 axb5 30. cxb5 Nd5 31. Bc5+ Ke6 32. bxc6 bxc6 33. Kd4 Be5+ 34. Kc4 f5 35. Bd4 f4 36. Bxe5 Nb6+ 37. Kd4 c5+ 38. Ke4 fxg3 39. fxg3 g6 40. Bf1 h5 41. Bc7 Nd7 42. Bc4+ Kf6 1-0

[Event "Ludwigshafen-ch 21st"]
[Site "Ludwigshafen"]
[Date "2007.08.30"]
[Round "3"]
[White "Frantzke, Helmut"]
[Black "Moldenhauer, Juergen"]
[Result "1/2-1/2"]
[WhiteElo "1955"]
[BlackElo "1837"]
[PlyCount "58"]
[EventDate "2007.08.25"]
[EventType "swiss"]
[EventRounds "7"]
[EventCountry "GER"]
[SourceTitle "EXT 2008"]
[Source "ChessBase"]
[SourceDate "2007.11.25"]
[SourceVersion "1"]
[SourceVersionDate "2007.11.25"]
[SourceQuality "1"]

1. Nf3 c5 2. d3 Nf6 3. e4 d6 4. g3 b5 5. e5 dxe5 6. Nxe5 Bb7 7. f3 Qd5 8. Qe2 Nbd7 9. Nxd7 Nxd7 10. Bg2 e6 11. Nc3 Qc6 12. 0-0 Be7 13. Ne4 0-0 14. f4 Qc7 15. f5 exf5 16. Rxf5 Rae8 17. Bf4 Qb6 18. Be3 Bxe4 19. Bxe4 Nf6 20. Bg2 Qe6 21. Qf3 Nd7 22. Bh3 Bd6 23. Re1 g6 24. Rd5 Qxh3 25. Rxd6 Ne5 26. Qg2 Qh5 27. Rf1 Nc4 28. dxc4 Rxe3 29. Rd5 Re5 1/2-1/2